Umpama mayat di pintu kubur

Bibliographic Details
Main Author: Shailey Azizah
Format: Book
Published: P.Jaya : Eddiplex , 1995
Series:Siri seloka peribahasa
Subjects:

MARC

LEADER 00000cam a2200000 7i4500
001 0000006150
002 000006640
005 20000330.0
020 |a 9838801771 
090 0 0 |a JF   |b SHA 
100 0 |a Shailey Azizah 
245 1 0 |a Umpama mayat di pintu kubur   |c Shailey Azizah 
260 |a P.Jaya :   |b Eddiplex ,   |c 1995 
300 |a 30p. :   |b ill ;   |c 20cm. 
490 0 |a Siri seloka peribahasa 
650 0 0 |a Children's stories 
999 |a 038449   |b BUKU   |c JUNIOR FICTION   |e PERPUSTAKAAN KOMUNITI PETALING JAYA